Previous World Capitals - Statistics

General Stats
  • This quiz has been taken 93 times
  • The average score is 11 of 20
Answer Stats
Years Capital % Correct
1712-1918 Petrograd
95%
1763-1960 Rio de Janeiro
95%
1914-1976 Lagos
88%
1901-1927 (de facto) Melbourne
87%
1948 Tel Aviv
84%
1947-1959 Karachi
83%
1841-1865 Auckland
74%
1296-1596 Kraków
71%
1948-2005 Yangon
71%
1929-1998 Alma-ata
66%
1961-1996 Dar es Salaam
63%
1070-1912 Fes
60%
1933-1983 Abidjan
54%
1070-1299 Bergen
48%
1748-1772 Kandahar
29%
1469-1561 Valladolid
17%
1959-1967 Rawalpindi
16%
1994-2006 Koror
12%
1592-1815 Kandy
9%
927-1066 Winchester
6%
No matching quizzes found
Score Distribution
Percent of People with Each Score
Percentile by Number Answered
Your Score History
You have not taken this quiz